The science of fractal images

Αποθηκεύτηκε σε:
Λεπτομέρειες βιβλιογραφικής εγγραφής
Άλλοι συγγραφείς: Peitgen, Heinz-Otto 1945- (Επιμελητής έκδοσης), Saupe, Dietmar 1954- (Επιμελητής έκδοσης), Barnsley, M. F. (Michael Fielding) 1946- (Επιμελητής έκδοσης)
Μορφή: Βιβλίο
Γλώσσα:English
Δημοσίευση: New York : Springer-Verlag, c1998
Θέματα:
Ετικέτες: Προσθήκη ετικέτας
Δεν υπάρχουν, Καταχωρήστε ετικέτα πρώτοι!

MARC

LEADER 00000nam a2200000 i 4500
001 1/16120
008 980717s1988 eng d
020 |a 0-387-96608-0 
020 |a 3-540-96608-0 
035 |l 10020083 
040 |a GR-MY-UA  |b gre  |e aacr 
041 0 |a eng 
082 0 |a 516 
245 1 4 |a The science of fractal images /  |c Edited by Heinz - Otto Peitgen and Dietmar Saupe ; contributions by Michael F. Barnsley ...et. al. 
260 |a New York :   |b Springer-Verlag,   |c c1998 
300 |a 312 p.  |b fig. 
500 |a Based on notes for the course Fractals - introduction, basics, and perspectives given by Michael F. Barnsley, and others, as part of the SIGGRAPH '87 (Anaheim, Calif.) course program. With 142 illustrations in 277 parts and color Plates. 
504 |a Includes bibliographical references and index 
650 0 0 |a Fractals. 
700 1 |a Peitgen, Heinz-Otto  |d 1945-  |4 edt 
700 1 |a Saupe, Dietmar  |d 1954-  |4 edt 
700 1 |a Barnsley, M. F.  |q (Michael Fielding)  |d 1946-  |4 edt 
852 |a INST  |b LESVOS  |e 19980717  |h 516 SCI  |p 005100013658  |q 005100013658  |t BK  |y 0 
901 |a BIBL-1998-2 
909 |a Λ  |b 058507 
922 |a 1ΕΛΗ  |b 199807  |c ΚΠΣ/ΤΠ  |d ΠΑΠΑΣΩΤΗΡΙΟΥ 
950 |a 107-1998-04-08